000 01689nam a2200385 c 4500
001 20922
003 ES-MaCES
005 20141221122709.0
008 080307s2005 sp s o000 | spa d
035 _aCES20080001753m
040 _aES-MaCES
_bspa
_cES-MaCES
245 0 0 _aPensiones no contributivas de la Seguridad Social y prestaciones sociales y económicas de la LISMI
_pRevisión anual y revisiones de oficio e instancia de parte, año 2005
_cSubdirección General de Gestión, Área de Prestaciones Económicas, Servicio de Asistencia Técnica e Informes [del] IMSERSO
260 _a[Madrid]
_bla Subdirección
_c[2005?]
300 _a22, 39 p.
_c21 x 30 cm
_e1 CD-ROM
500 _aTít. tomado de la cub
500 _aPubl. simultáneamente en CD-ROM
541 _cGratuito
650 4 _aprestaciones no contributivas
_930900
650 4 _arégimen de pensión
_927042
650 4 _aseguridad social
_927034
650 4 _aadministración de la seguridad social
_930264
650 4 _aprestaciones de invalidez
_927036
650 4 _aintegración de las personas con discapacidad
_929681
650 4 _aEspaña
_926964
650 4 _a2005
_931686
650 4 _adatos estadísticos
_930765
650 4 _aCD ROM
_930331
653 1 0 _aEstadísticas económico-sociales
710 2 _aInstituto de Mayores y Servicios Sociales (España)
_94202
787 0 _tPensiones no contributivas de la Seguridad Social y prestaciones sociales y económicas de la LISMI
_w(ES-MaCES)20921
787 0 _tPensiones no contributivas de la Seguridad Social
_w(ES-MaCES)6394
902 _aDOC Literatura gris
942 _2CES
_cBK
_h8.2.
999 _c20922
_d20922